000
00288nam a2200121Ia 4500
008
190216s9999||||xx |||||||||||||| ||und||
100
_a
Gautam Roy
245
0
_a
Learn Everything In Pc Software
260
_b
Wheeler Pub
_c
1997
300
_a
448p
650
_a
Computer Science
942
_c
BK
999
_c
8640
_d
8640